Crystal properties via group theory / (Record no. 7893)

MARC details
000 -LEADER
fixed length control field 00953cam a2200265 a 4500
001 - CONTROL NUMBER
control field 1615039
003 - CONTROL NUMBER IDENTIFIER
control field OSt
005 - DATE AND TIME OF LATEST TRANSACTION
control field 20220504152338.0
008 - FIXED-LENGTH DATA ELEMENTS--GENERAL INFORMATION
fixed length control field 950330s1995 enka b 001 0 eng
010 ## - LIBRARY OF CONGRESS CONTROL NUMBER
LC control number 95015264
020 ## - INTERNATIONAL STANDARD BOOK NUMBER
Canceled/invalid ISBN 052154321X (hardback)
040 ## - CATALOGING SOURCE
Original cataloging agency DLC
Transcribing agency DLC
Modifying agency DLC
050 00 - LIBRARY OF CONGRESS CALL NUMBER
Classification number QD911
Item number .N67 1995
082 00 - DEWEY DECIMAL CLASSIFICATION NUMBER
Classification number 512.2NOW 1995
100 1# - MAIN ENTRY--PERSONAL NAME
Personal name Nowick, Arthur S.
9 (RLIN) 16036
245 10 - TITLE STATEMENT
Title Crystal properties via group theory /
Statement of responsibility, etc. Arthur S. Nowick.
260 ## - PUBLICATION, DISTRIBUTION, ETC. (IMPRINT)
Place of publication, distribution, etc. Cambridge ;
-- New York :
Name of publisher, distributor, etc. Cambridge University Press,
Date of publication, distribution, etc. 1995.
300 ## - PHYSICAL DESCRIPTION
Extent xv, 228 p. :
Other physical details ill. ;
Dimensions 26 cm.
504 ## - BIBLIOGRAPHY, ETC. NOTE
Bibliography, etc Includes bibliographical references (p. 222-225) and index.
650 #0 - SUBJECT ADDED ENTRY--TOPICAL TERM
Topical term or geographic name as entry element Crystallography, Mathematical.
9 (RLIN) 16037
650 #0 - SUBJECT ADDED ENTRY--TOPICAL TERM
Topical term or geographic name as entry element Group theory.
9 (RLIN) 16038
906 ## - LOCAL DATA ELEMENT F, LDF (RLIN)
a 7
b cbc
c orignew
d 1
e ocip
f 19
g y-gencatlg
942 ## - ADDED ENTRY ELEMENTS (KOHA)
Source of classification or shelving scheme Dewey Decimal Classification
Koha item type Open Shelf
Holdings
Withdrawn status Lost status Source of classification or shelving scheme Damaged status Not for loan Home library Current library Date acquired Inventory number Total Checkouts Full call number Barcode Date last seen Price effective from Koha item type Source of acquisition
    Dewey Decimal Classification     MUST Main Library MUST Main Library 04/05/2022 05/24722   512.2NOW 1995 2022-0674 04/05/2022 04/05/2022 Open Shelf  
    Other/Generic Classification Scheme     MUST Main Library MUST Main Library 17/06/2024 05/24721   512.2NOW 1995 2024-20677 17/06/2024 17/06/2024 Open Shelf Purchase
    Dewey Decimal Classification     MUST Main Library MUST Main Library 19/06/2024 2005/24720   512.2NOW 1995 2024-20886 19/06/2024 19/06/2024 Open Shelf Purchase